| 000 | 00382nam a2200157Ia 4500 | ||
|---|---|---|---|
| 008 | 210716s2009 xx 000 0 und d | ||
| 020 | _a230636861 | ||
| 041 | _aeng | ||
| 082 | _a005.42 SATS | ||
| 100 | _aSathe, S R: Mohade, Anil S. | ||
| 245 | _aOperating systems. | ||
| 250 | _a1 | ||
| 260 |
_aNew Delhi _bMacmillan _c2009 |
||
| 300 | _axii,260 | ||
| 650 | _aOperating Systems | ||
| 999 |
_c189990 _d189990 |
||